| 000 | 00876nam a2200253uu 4500 | ||
|---|---|---|---|
| 001 | 14495 | ||
| 003 | HDC | ||
| 007 | cr a| aaaaaaua | ||
| 008 | 210215p2003 ||||| |||| 00| 0 eng d | ||
| 040 | _aHDC | ||
| 100 |
_aMilnes, Phil _eauthor _915058 |
||
| 245 | 4 |
_aThe report of the Chief Veterinary Officer: Animal health 2002 / by _cPhil Milnes |
|
| 260 |
_a[no place] : _b[publisher not identified], _c2003 |
||
| 300 | _a1 online resource (140 pages ) | ||
| 336 |
_atext _2rdacontent |
||
| 337 |
_acomputer _2rdamedia |
||
| 338 |
_aonline resource _2rdacarrier |
||
| 650 |
_aAnimal health _97354 |
||
| 650 |
_afood and diseases _915059 |
||
| 856 | _zRequest full-text at [email protected] | ||
| 942 | _2lcc | ||
| 942 | _cEIS | ||
| 942 | _kREPT 000293 | ||
| 999 |
_c11811 _d11811 |
||